[Event "ITA-ch U20"]
[Site "Tarvisio"]
[Date "2023.07.02"]
[Round "1"]
[White "Bortolotti, Francesco"]
[Black "Umbro, Flavio"]
[Result "1/2-1/2"]
[WhiteElo "1984"]
[BlackElo "1413"]
[PlyCount "30"]
[EventDate "2023.07.02"]
[EventType "swiss"]
[EventRounds "9"]
[EventCountry "ITA"]
[SourceTitle "EXT 2024"]
[Source "ChessBase"]
[SourceDate "2023.10.10"]
[SourceVersion "1"]
[SourceVersionDate "2023.10.10"]
[SourceQuality "1"]

1. e4 e5 2. f4 exf4 3. Nf3 d6 4. d4 g5 5. h4 f6 6. Bc4 h6 7. Nc3 c6 8. hxg5 fxg5 9. Nh4 Nf6 10. Ng6 Rh7 11. e5 dxe5 12. Nxe5 Nbd7 13. Qe2 Nxe5 14. dxe5 Re7 15. Bd3 Qd4 1/2-1/2